00431nam a2200169Ia 4500003000400000008004100004040001600045082001500061100001900076245003500095700002300130260004800153300001000201650001500211650001700226650001800243GCL140319s9999 xx 000 0 eng d aGCL / cGCL04a821.4bO J1 aORGEL, STEPHEN10aJOHN MILTON / cORGEL, STEPHEN1 aGOLDBERG, JONATHAN a[S.N] : bOXFORD UNIVERSITY PRESS ، c1990 a966 P04aLITERATURE04aMILTON, JOHN04aLITERARY FORM